000 00361nam a22001457a 4500
008 250414b |||||||| |||| 00| 0 eng d
020 _a13: 9780273702672
050 _aHD2346
_b.C37
100 _aCARTER, Sara
245 _aEnterprise and Small Business
250 _a2nd
260 _aGreat Britain
_bPrentice-Hall
_c2000
300 _axviii, 572
942 _cBK
999 _c2966
_d2966